logo

Bir Sreshtho Munshi Abdur Rouf Library
Jhenaidah Cadet College

বাজারজাতকরণ ও বিক্রয় কারিশমা / (Record no. 1234)

MARC details
000 -LEADER
fixed length control field 00682nam a2200229 a 4500
001 - CONTROL NUMBER
JCCL Control Number 1234
003 - CONTROL NUMBER IDENTIFIER
JCCL marc code BD-JhCC
005 - DATE AND TIME OF LATEST TRANSACTION
control field 20171021123203.0
008 - FIXED-LENGTH DATA ELEMENTS--GENERAL INFORMATION
fixed length control field 171017s2007 bg |||| |||| 00| 0 ben d
020 ## - INTERNATIONAL STANDARD BOOK NUMBER
International Standard Book Number 9847000600684
035 ## - SYSTEM CONTROL NUMBER
system control number (BD-JhCC)1234
040 ## - CATALOGING SOURCE
Original cataloging agency BD-JhCC
Modifying agency BD-JhCC
041 ## - LANGUAGE CODE
Language code of Book ben
082 ## - DEWEY DECIMAL CLASSIFICATION NUMBER
Classification number 658.022
Author mark and Year AHA 2007
100 ## - MAIN ENTRY--PERSONAL NAME
Personal name আহমেদ, রাজিব
245 ## - TITLE STATEMENT
Title বাজারজাতকরণ ও বিক্রয় কারিশমা /
Statement of responsibility, etc রাজিব আহমেদ
260 ## - PUBLICATION, DISTRIBUTION, ETC. (IMPRINT)
Place of publication, distribution, etc ঢাকা :
Name of publisher, distributor, etc আগামী প্রকাশনী,
300 ## - PHYSICAL DESCRIPTION
Pagination 119 p. :
Dimensions 21 cm.
650 ## - SUBJECT ADDED ENTRY--TOPICAL TERM
Topical term or geographic name as entry element Marketing
942 ## - ADDED ENTRY ELEMENTS (KOHA)
Source of classification or shelving scheme Dewey Decimal Classification
Koha item type Books
Holdings
Source of classification or shelving scheme Damaged status Not for loan Home library Current library Shelving location Date of accession Source of acquisition Cost, normal purchase price Total Checkouts Full call number Barcode Date last seen Copy number Koha item type
Dewey Decimal Classification     JCC Rouf Library JCC Rouf Library General Stacks 10/17/2017 Zahedee Foundation 150.00   658.022 AHM 2007 2172 10/17/2017 C-1 Books

JCC Library | Contacts | JCC Home

Last Update on 23 September 2017
Copyright @ 2017-2020 JCC Rouf Library
Rouf Library, Jhenidah Cadet College (JCC), Bangladesh